Language Quiz

Random Language or Letter Quiz

'I' Vocabulary (Hard) Quiz Stats

 Plays Quiz Updated Dec 3, 2016

Support Sporcle.
Go Orange.
Score 0/25 Timer 09:00
4 Plays Today
% Correct
illuminate
93.1%
immortal
93%
inferno
92.7%
inherit
92.5%
incisor
92.3%
impromptu
92.2%
implant
91.7%
irrigation
91.3%
inlet
91.2%
insignia
90.4%
impeccable
89.5%
ides
89.3%
imbecile
88.9%
% Correct
irrevocable
87.7%
imbibe
85.6%
ignorant
85%
interlocutor
85%
illicit
84.8%
impalpable
82%
innate
77.9%
ignoble
75.5%
impudence
69.6%
iconoclast
69.2%
irreverent
65.1%
iniquity
44.7%

You're not logged in!

Compare scores with friends on all Sporcle quizzes.
OR
Log In

From the Vault

MLB 350 Home Run Hitters A-Z

by caramba

Anyone else imagine a house with legs whenever they hear 'Home Run'?
Remove Ads.
Support Sporcle.
Get the best of Sporcle when you Go Orange. This ad-free experience offers more features, more stats, and more fun while also helping to support Sporcle. Thank you for becoming a member.

Show Comments

Extras

Top Quizzes Today


Score Distribution

Your Account Isn't Verified!

In order to create a playlist on Sporcle, you need to verify the email address you used during registration. Go to your Sporcle Settings to finish the process.

Report this User

Report this user for behavior that violates our Community Guidelines.

Details: